000 00288nam a22001217a 4500
020 _qHB.
040 _cFIZZA ISHAQ
082 _a551.48095
_bVSU
100 _aSUBRAMANIAN,V.
_989114
245 _aFURFACE AND SUB SURFACE WATER IN ASIA /
260 _aYEW YORK ;
_c2015.
942 _2ddc
_cBK
999 _c587946
_d587946